<?xml version="1.0" encoding="UTF-8"?>
<record
    xmlns:xsi="http://www.w3.org/2001/XMLSchema-instance"
    xsi:schemaLocation="http://www.loc.gov/MARC21/slim http://www.loc.gov/standards/marcxml/schema/MARC21slim.xsd"
    xmlns="http://www.loc.gov/MARC21/slim">

  <leader>02682nam a2200325   4500</leader>
  <controlfield tag="001">ESSALUD</controlfield>
  <controlfield tag="005">20260702122909.0</controlfield>
  <controlfield tag="007">ta</controlfield>
  <controlfield tag="008">      t        pe ||||| |||| 00| 0 spa d</controlfield>
  <datafield tag="040" ind1=" " ind2=" ">
    <subfield code="a">BMG</subfield>
  </datafield>
  <datafield tag="041" ind1=" " ind2=" ">
    <subfield code="a">spa</subfield>
  </datafield>
  <datafield tag="100" ind1=" " ind2=" ">
    <subfield code="a">Lara Arnao, Ruth Jaqueline</subfield>
    <subfield code="e">Autor</subfield>
    <subfield code="9">47585</subfield>
  </datafield>
  <datafield tag="245" ind1=" " ind2=" ">
    <subfield code="a">La validez de los acuerdos de descanso vacacional celebrados a trav&#xE9;s de medios tecnol&#xF3;gicos</subfield>
  </datafield>
  <datafield tag="246" ind1=" " ind2=" ">
    <subfield code="a">The validity of vacation leave agreements concluded through technological means</subfield>
  </datafield>
  <datafield tag="300" ind1=" " ind2=" ">
    <subfield code="a">p&#xE1;ginas 54-65</subfield>
  </datafield>
  <datafield tag="520" ind1=" " ind2=" ">
    <subfield code="a">En el presente art&#xED;culo la autora desarrolla el an&#xE1;lisis de la validez de
los acuerdos de descanso vacacional celebrados a trav&#xE9;s de medios tecnol&#xF3;gicos,
a la luz de la normativa laboral vigente y de los criterios del Tribunal de Fiscalizaci&#xF3;n
Laboral. Se examinan las distintas modalidades de acuerdos vacacionales y
la exigencia del consentimiento entre trabajador y empleador, destac&#xE1;ndose que
dicho acuerdo puede acreditarse v&#xE1;lidamente a trav&#xE9;s de plataformas digitales.
A partir del estudio de un caso relevante, se concluye que la desmaterializaci&#xF3;n
de los acuerdos vacacionales es compatible con el ordenamiento laboral peruano,
siempre que se garantice la libre manifestaci&#xF3;n de la voluntad del trabajador y la
protecci&#xF3;n de sus derechos fundamentales.
</subfield>
  </datafield>
  <datafield tag="520" ind1=" " ind2=" ">
    <subfield code="a">In this article, the author analyzes the validity of vacation leave agreements concluded
through technological means, in light of the current labour legislation and the criteria established
by the Labour lnspection Tribunal (Tribunal de Fiscalizaci&#xF3;n Laboral). The study examines the
different types of vacation agreements and the requirement of consent between the worker and
the employer, emphasizing that such consent may be validly evidenced through digital platforms.
Based on the analysis of a relevant case, the article concludes that the dematerialization of
vacation agreements is compatible with the Peruvian labour legal system, provided that the
worker's free manifestation of will and the protection of fundamental rights are guaranteed.
</subfield>
  </datafield>
  <datafield tag="650" ind1=" " ind2=" ">
    <subfield code="a">DESCANSO VACACIONAL </subfield>
    <subfield code="9">53119</subfield>
  </datafield>
  <datafield tag="650" ind1=" " ind2=" ">
    <subfield code="a">ACUERDOS </subfield>
    <subfield code="9">51283</subfield>
  </datafield>
  <datafield tag="650" ind1=" " ind2=" ">
    <subfield code="a">TRIBUNAL DE FISCALIZACI&#xD3;N LABORAL </subfield>
    <subfield code="9">53128</subfield>
  </datafield>
  <datafield tag="650" ind1=" " ind2=" ">
    <subfield code="a">MEDIOS TECNOL&#xD3;GICOS</subfield>
    <subfield code="9">53121</subfield>
  </datafield>
  <datafield tag="650" ind1=" " ind2=" ">
    <subfield code="a">VALIDEZ</subfield>
    <subfield code="9">53129</subfield>
  </datafield>
  <datafield tag="650" ind1=" " ind2=" ">
    <subfield code="a">VACATION LEAVE </subfield>
    <subfield code="9">53130</subfield>
  </datafield>
  <datafield tag="650" ind1=" " ind2=" ">
    <subfield code="a">AGREEMENTS</subfield>
    <subfield code="9">53131</subfield>
  </datafield>
  <datafield tag="650" ind1=" " ind2=" ">
    <subfield code="a">LABOUR INSPECTION TRIBUNAL </subfield>
    <subfield code="9">53132</subfield>
  </datafield>
  <datafield tag="650" ind1=" " ind2=" ">
    <subfield code="a">TECHNOLOGICAL MEANS </subfield>
    <subfield code="9">53133</subfield>
  </datafield>
  <datafield tag="650" ind1=" " ind2=" ">
    <subfield code="a">VALIDITY</subfield>
    <subfield code="9">53134</subfield>
  </datafield>
  <datafield tag="773" ind1="0" ind2=" ">
    <subfield code="0">22614</subfield>
    <subfield code="9">22623</subfield>
    <subfield code="d">Lima Grupo Praxis Formaci&#xF3;n Profesional, 2026-</subfield>
    <subfield code="o">PRALAB001</subfield>
    <subfield code="t">Praxis Laboral &amp; Procesal Laboral</subfield>
    <subfield code="w">ESSALUD</subfield>
    <subfield code="x">3119-768X</subfield>
  </datafield>
  <datafield tag="942" ind1=" " ind2=" ">
    <subfield code="c">ARTICULOS</subfield>
    <subfield code="e">2026-07-02</subfield>
    <subfield code="z">SQB</subfield>
  </datafield>
  <datafield tag="999" ind1=" " ind2=" ">
    <subfield code="c">22617</subfield>
    <subfield code="d">22617</subfield>
  </datafield>
</record>
